000 00989nam a2200265 i 4500
001 186156
003 SpMaBN
005 20240223125340.0
008 160913s2015 sp |||| |dspa d
020 _a9788415973515
080 _a821.134.2-83"19"
100 1 _aAzaña, Manuel,
_d1880-1940
_924223
245 1 0 _aGentes de mi tiempo /
_cManuel Azaña ; selección, edición y prólogo de José Esteban.
250 _a1ª ed. en Reino de Cordelia.
260 _aMadrid :
_bReino de Cordelia,
_c2015.
300 _a323 p. ;
_c20 cm.
490 1 _aLiteratura Reino de Cordelia ;
_v49
600 1 4 _aAzaña, Manuel, 1880-1940-
_xPensamiento político
_924227
700 1 _aEsteban, José,
_d1935-
_948033
830 1 _aLiteratura Reino de Cordelia ;
_v49
_9225352
852 _aES-MaACL
_jA-13847
_9193208
_bR.151103
_cDEPO1
_dOlim: N-6847
_hDonación: José Esteban
903 _aEsteban, José,
_d1935-
_ednr
_948033
942 _2udc
_cMONOGRAFIA
999 _c186156
_d186156